Dân tộc thiểu số trong thơ ca Kon Tum (1945-1975) Nghiên cứu, phê bình văn học
Giới thiệu văn học kháng chiến Kon Tum với hình ảnh đồng bào bản địa. Những hình ảnh đồng bào bản địa được phản ánh qua một số nét đặc trưng như tập quán văn hóa, cố kết cộng đồng, tinh thần căm thù giăc và tinh thần quật cường....
Đã lưu trong:
| Tác giả chính: | |
|---|---|
| Định dạng: | Sách |
| Năm xuất bản: |
H.
Hội Nhà văn
2019
|
| Chủ đề: | |
| Tags: |
Thêm thẻ
Không có thẻ, Hãy là người đầu tiên gắn thẻ bản ghi này!
|
| LEADER | 01079nam a2200157 4500 | ||
|---|---|---|---|
| 999 | |c 15802 |d 15802 | ||
| 082 | |a 895.92209 |b T100V | ||
| 100 | |a Tạ Văn Sỹ | ||
| 245 | |a Dân tộc thiểu số trong thơ ca Kon Tum (1945-1975) |c Tạ Văn Sỹ |b Nghiên cứu, phê bình văn học | ||
| 260 | |a H. |b Hội Nhà văn |c 2019 | ||
| 300 | |a 435 tr. |c 21 cm | ||
| 500 | |a ĐTTS ghi: Liên hiệp các hội văn học nghệ thuật Việt Nam. Hội văn nghệ các dân tộc thiểu số Việt Nam | ||
| 520 | |a Giới thiệu văn học kháng chiến Kon Tum với hình ảnh đồng bào bản địa. Những hình ảnh đồng bào bản địa được phản ánh qua một số nét đặc trưng như tập quán văn hóa, cố kết cộng đồng, tinh thần căm thù giăc và tinh thần quật cường. | ||
| 653 | |a Văn học hiện đại |a Thế kỷ 20 |a Việt Nam |a Thơ |a Nghiên cứu |a Phê bình | ||
| 942 | |2 ddc |c SH | ||
| 952 | |0 0 |1 0 |2 ddc |4 0 |6 895_922090000000000_T100V |7 0 |8 800 |9 117971 |a qbu |b qbu |c D5 |d 2020-05-19 |g 80000 |o 895.92209 T100V |p 13088.C1 |r 2020-05-19 |w 2020-05-19 |y SH | ||